|
|
|
|
| LEADER |
00000cam a2200000 7i4500 |
| 001 |
0000000442 |
| 005 |
20000816.0 |
| 020 |
0 |
0 |
|a 185836907
|
| 090 |
0 |
0 |
|a 363.7
|b ECO 2000
|
| 245 |
0 |
0 |
|a ECONOMIC instruments for environmental management :
|b A worldwide compendium of case studies
|
| 260 |
0 |
0 |
|a London, UK :
|b Earthscan Pub. ,
|c 2000
|
| 300 |
|
|
|a vi, 208 p. :
|b ill. ;
|c 24 cm.
|
| 500 |
0 |
0 |
|a Includes bibliographical references and index
|
| 650 |
0 |
0 |
|a Environmental management
|x Economic aspects
|
| 650 |
0 |
0 |
|a Environmental policy
|
| 650 |
0 |
0 |
|a Environmental policy
|x Economic aspects
|
| 650 |
0 |
0 |
|a Pollution
|x Economic aspects
|
| 999 |
|
|
|a 0000001546
|b Monograph
|c Open Shelf
|e Default branch
|